The Lingamahapuranam/ (Record no. 25805)

000 -LEADER
fixed length control field 00405nam a22001811a 4500
020 ## - INTERNATIONAL STANDARD BOOK NUMBER
ISBN 9788170812081
082 ## - DEWEY DECIMAL CLASSIFICATION NUMBER
Classification number S 294.592 5
Item number VYA/L
100 ## - MAIN ENTRY--AUTHOR NAME
Personal name Vyasa
245 ## - TITLE STATEMENT
Title The Lingamahapuranam/
Statement of responsibility, etc by Vyasa
260 ## - PUBLICATION, DISTRIBUTION, ETC. (IMPRINT)
Place of publication Delhi:
Name of publisher Nag,
Year of publication 2004.
300 ## - PHYSICAL DESCRIPTION
Number of Pages 651p.
650 ## - SUBJECT ADDED ENTRY--TOPICAL TERM
Topical Term Lingamahapurana
650 ## - SUBJECT ADDED ENTRY--TOPICAL TERM
Topical Term Purana
650 ## - SUBJECT ADDED ENTRY--TOPICAL TERM
Topical Term Vedic Literature
650 ## - SUBJECT ADDED ENTRY--TOPICAL TERM
Topical Term Hinduism
650 ## - SUBJECT ADDED ENTRY--TOPICAL TERM
Topical Term Religion
942 ## - ADDED ENTRY ELEMENTS (KOHA)
Koha item type Book
Holdings
Withdrawn status Lost status Damaged status Not for loan Permanent Location Current Location Date acquired Cost, normal purchase price Full call number Accession Number Cost, replacement price Price effective from Koha item type
        Sree Sankaracharya University of Sanskrit Sree Sankaracharya University of Sanskrit 08.01.2015 500.00 S 294.592 5 VYA/L 052728 0.00 08.01.2015 Book